Statistics for Top 20 Baseball Career Home Runs - Current Players in 2014

Click here to take the quiz!

General Stats

  • This quiz has been taken 774 times
    (753 since last reset)
  • The average score is 7 of 20

Answer Stats

HomersPlayer% Correct
520Albert Pujols
93%
654Alex Rodriguez
87%
390Miguel Cabrera
71%
466David Ortiz
67%
395Adrián Beltré
49%
369Aramis Ramírez
41%
334Ryan Howard
41%
246José Bautista
40%
288Prince Fielder
37%
373Carlos Beltrán
34%
462Adam Dunn
33%
262Adrian Gonzalez
32%
363Mark Teixeira
17%
271Matt Holliday
17%
440Jason Giambi
15%
331Torii Hunter
12%
286Carlos Peña
6%
307Miguel Tejada
6%
305Raúl Ibañez
4%
270Vernon Wells
4%

Score Distribution

Percentile by Number Answered

Percent of People with Each Score

Your Score History

You have not taken this quiz since the last reset